000 00760cab a2200253 4500
001 WB3136-33
008 090401t1995 xxu||||| |||| 00| 0 eng d
035 _a(Sirsi) u74747
041 _aeng
245 _aSurveyors face up to the Internet
260 _c1995
350 _a0
490 _aEstates Times
_v(1295) 22 September 1995, 2(1)
520 _aAgency surveyors fear that their role may diminish as more property products and services are advertised on the Internet.
650 _aCOMMERCIAL AGENCY
650 _aCONVEYANCING
650 _aINTERNET
650 _aMEPC
650 _aPROPERTY MARKETING
650 _aWORLD WIDE WEB
690 _aMANAGEMENT-BUSINESS MANAGEMENT-INFORMATION MANAGEMENT
942 _n0
948 _c04/03/1997
999 _c47096
_d47096